Top ten small forwards of all time - Statistics

General Stats
  • This quiz has been taken 6 times
  • The average score is 6 of 10
Answer Stats
Hint Answer % Correct
2 Larry Bird
100%
1* LeBron James
100%
3* Kevin Durant
83%
10 Scottie Pippen
83%
9 Paul Pierce
67%
4 Elgin Baylor
50%
5 Julius Erving
50%
7 Dominique Wilkins
33%
6 John Havlicek
33%
8 James Worthy
17%
No matching quizzes found
Score Distribution
Percent of People with Each Score
Percentile by Number Answered
Your Score History
You have not taken this quiz